[Event "WchT Seniors 50"]
[Site "Struga"]
[Date "2023.09.24"]
[Round "6.2"]
[White "Druckenthaner, Andreas"]
[Black "Ortega, Lexy"]
[Result "1-0"]
[WhiteElo "2182"]
[BlackElo "2410"]
[PlyCount "73"]
[EventDate "2023.09.19"]
[EventType "team-swiss"]
[EventRounds "9"]
[EventCountry "MKD"]
[SourceTitle "EXT 2024"]
[Source "ChessBase"]
[SourceDate "2023.10.10"]
[SourceVersion "1"]
[SourceVersionDate "2023.10.10"]
[SourceQuality "1"]
[WhiteTeam "Austria 50"]
[BlackTeam "Italy 50"]
[WhiteTeamCountry "AUT"]
[BlackTeamCountry "ITA"]

1. e4 c5 2. Nf3 g6 3. d4 cxd4 4. Nxd4 Bg7 5. Nc3 Nc6 6. Nb3 Nf6 7. Be2 0-0 8. 0-0 a6 9. Re1 d6 10. Bf1 Bd7 11. Nd5 Nxd5 12. exd5 Ne5 13. Be3 Rc8 14. Bd4 b5 15. f4 Nc4 16. Bxg7 Kxg7 17. Qd4+ Kg8 18. a4 Nb6 19. axb5 axb5 20. Ra5 Rxc2 21. Bxb5 Re8 22. Bd3 Rc8 23. f5 Rb8 24. Ra3 Na4 25. fxg6 hxg6 26. Rc1 Qb6 27. Qxb6 Nxb6 28. Be4 Na4 29. Rc7 Rb4 30. Bc2 Bf5 31. Bxf5 gxf5 32. Na5 Nb6 33. Rd3 Rb5 34. Rb7 Kf8 35. Rh3 Ra8 36. Rh8+ Kg7 37. Rxa8 1-0

[Event "WchT Seniors 50"]
[Site "Struga"]
[Date "2023.09.23"]
[Round "5.2"]
[White "Jhunjhnuwala, Ramesh"]
[Black "Druckenthaner, Andreas"]
[Result "1/2-1/2"]
[WhiteElo "2088"]
[BlackElo "2182"]
[PlyCount "32"]
[EventDate "2023.09.19"]
[EventType "team-swiss"]
[EventRounds "9"]
[EventCountry "MKD"]
[SourceTitle "EXT 2024"]
[Source "ChessBase"]
[SourceDate "2023.10.10"]
[SourceVersion "1"]
[SourceVersionDate "2023.10.10"]
[SourceQuality "1"]
[WhiteTeam "United States 5 Brothers 50"]
[BlackTeam "Austria 50"]
[WhiteTeamCountry "USA"]
[BlackTeamCountry "AUT"]

1. e4 Nc6 2. d4 e5 3. d5 Nce7 4. Nf3 Ng6 5. h4 h5 6. Bg5 Nf6 7. Bd3 Bc5 8. Qd2 d6 9. c4 a5 10. Nc3 Bd7 11. a3 Qc8 12. Be3 b6 13. 0-0-0 Ng4 14. Bxc5 bxc5 15. a4 Nf4 16. Bf1 Nf6 1/2-1/2

[Event "EU-ch Seniors 50 22nd"]
[Site "Acqui Terme"]
[Date "2023.06.03"]
[Round "9"]
[White "Druckenthaner, Andreas"]
[Black "Llopis de Aysa, Manuel"]
[Result "1/2-1/2"]
[WhiteElo "2227"]
[BlackElo "2018"]
[PlyCount "41"]
[EventDate "2023.05.26"]
[EventType "swiss"]
[EventRounds "9"]
[EventCountry "ITA"]
[SourceTitle "CBM 214 Extra"]
[Source "ChessBase"]
[SourceDate "2023.07.31"]
[SourceVersion "1"]
[SourceVersionDate "2023.07.31"]
[SourceQuality "1"]

1. e4 g6 2. d4 Bg7 3. Nf3 d6 4. Bc4 Nf6 5. Nbd2 0-0 6. Bb3 Nc6 7. c3 e5 8. dxe5 Nxe5 9. Nxe5 dxe5 10. 0-0 Qe7 11. Re1 Rd8 12. Qe2 Bh6 13. Nf1 Bxc1 14. Raxc1 c6 15. Rcd1 Be6 16. Qe3 Bxb3 17. axb3 b6 18. Qg5 Nd5 19. Qxe7 Nxe7 20. Ne3 f6 21. Kf1 1/2-1/2

[Event "EU-ch Seniors 50 22nd"]
[Site "Acqui Terme"]
[Date "2023.05.29"]
[Round "4"]
[White "Zaninotto, Franco"]
[Black "Druckenthaner, Andreas"]
[Result "1/2-1/2"]
[WhiteElo "1999"]
[BlackElo "2227"]
[PlyCount "20"]
[EventDate "2023.05.26"]
[EventType "swiss"]
[EventRounds "9"]
[EventCountry "ITA"]
[SourceTitle "CBM 214 Extra"]
[Source "ChessBase"]
[SourceDate "2023.07.31"]
[SourceVersion "1"]
[SourceVersionDate "2023.07.31"]
[SourceQuality "1"]

1. e4 e5 2. Nf3 Nc6 3. Bb5 Bc5 4. 0-0 Nd4 5. b4 Bxb4 6. Nxd4 exd4 7. c3 Qg5 8. Qa4 Be7 9. cxd4 c6 10. Be2 Nf6 1/2-1/2

[Event "EU-ch Seniors 50 22nd"]
[Site "Acqui Terme"]
[Date "2023.05.27"]
[Round "2"]
[White "Genovese, Alberto"]
[Black "Druckenthaner, Andreas"]
[Result "1/2-1/2"]
[WhiteElo "1921"]
[BlackElo "2227"]
[PlyCount "73"]
[EventDate "2023.05.26"]
[EventType "swiss"]
[EventRounds "9"]
[EventCountry "ITA"]
[SourceTitle "CBM 214 Extra"]
[Source "ChessBase"]
[SourceDate "2023.07.31"]
[SourceVersion "1"]
[SourceVersionDate "2023.07.31"]
[SourceQuality "1"]

1. c4 f5 2. Nc3 Nf6 3. g3 d6 4. Bg2 e5 5. d3 Be7 6. e4 c6 7. Nge2 0-0 8. 0-0 Qe8 9. h3 Qh5 10. Kh2 fxe4 11. Nxe4 Nxe4 12. dxe4 Be6 13. b3 Nd7 14. Nc3 Qxd1 15. Nxd1 a5 16. Be3 a4 17. Nc3 axb3 18. axb3 Nc5 19. Bxc5 dxc5 20. Rxa8 Rxa8 21. f4 Ra3 22. Rb1 Kf7 23. Bf1 g6 24. Bd3 Bd8 25. Na4 Ra2+ 26. Rb2 Rxb2+ 27. Nxb2 exf4 28. gxf4 Bc7 29. e5 g5 30. Bxh7 gxf4 31. Nd3 b5 32. Nxc5 bxc4 33. Nxe6 Kxe6 34. bxc4 Kxe5 35. Kg2 Kd4 36. Bg8 Ke3 37. Kf1 1/2-1/2

[Event "EU-chT Seniors 50"]
[Site "Dresden"]
[Date "2022.11.03"]
[Round "8.2"]
[White "Thiede, Lars"]
[Black "Druckenthaner, Andreas"]
[Result "1/2-1/2"]
[WhiteElo "2399"]
[BlackElo "2237"]
[PlyCount "120"]
[EventDate "2022.10.27"]
[EventType "team-swiss"]
[EventRounds "9"]
[EventCountry "GER"]
[SourceTitle "EXT 2024"]
[Source "ChessBase"]
[SourceDate "2023.10.10"]
[SourceVersion "1"]
[SourceVersionDate "2023.10.10"]
[SourceQuality "1"]
[WhiteTeam "Berlin 50"]
[BlackTeam "Austria 50"]
[WhiteTeamCountry "GER"]
[BlackTeamCountry "AUT"]

1. Nf3 f5 2. g3 Nf6 3. Bg2 d6 4. 0-0 e5 5. d3 Be7 6. c4 0-0 7. Nc3 Qe8 8. Rb1 Kh8 9. b4 Qh5 10. e3 a6 11. Nh4 Qf7 12. f4 e4 13. dxe4 Nxe4 14. Nxe4 fxe4 15. Bxe4 Bxh4 16. gxh4 Bf5 17. Bxf5 Qxf5 18. Rb2 Nd7 19. Qf3 c6 20. e4 Qe6 21. Qd3 Rae8 22. Re2 Nf6 23. f5 Qe7 24. Bb2 Nd7 25. Qg3 Ne5 26. Rg2 Rf7 27. Rc1 Rf6 28. Kh1 Rf7 29. c5 Rf6 30. cxd6 Rxd6 31. Rcg1 Rd7 32. Qf4 Qf6 33. Qg5 Qxg5 34. hxg5 Nc4 35. Ba1 Rxe4 36. f6 Ne5 37. Rf2 Kg8 38. Rf5 gxf6 39. gxf6+ Ng6 40. Rh5 Kf8 41. a3 Rh4 42. Rxh4 Nxh4 43. Rf1 Kf7 44. Bb2 Rd3 45. Kg1 Rd2 46. Be5 Rg2+ 47. Kh1 Re2 48. Bg3 Ng6 49. Rf5 Re6 50. Kg2 Rxf6 51. Rxf6+ Kxf6 52. Kf3 Ne7 53. Ke4 Ke6 54. a4 Nd5 55. Be1 Nb6 56. a5 Nd7 57. Bf2 Ne5 58. Bg3 Nd7 59. Bf2 Ne5 60. Bg3 Nd7 1/2-1/2

[Event "EU-ch Seniors 50 21st"]
[Site "Lublin"]
[Date "2022.07.13"]
[Round "9"]
[White "Druckenthaner, Andreas"]
[Black "Zielinski, Olgierd"]
[Result "0-1"]
[WhiteElo "2272"]
[BlackElo "1816"]
[PlyCount "64"]
[EventDate "2022.07.05"]
[EventType "swiss"]
[EventRounds "9"]
[EventCountry "POL"]
[SourceTitle "CBM 209 Extra"]
[Source "ChessBase"]
[SourceDate "2022.09.30"]
[SourceVersion "1"]
[SourceVersionDate "2022.09.30"]
[SourceQuality "1"]

1. e4 c5 2. Nf3 e6 3. d4 cxd4 4. Bg5 Nf6 5. e5 h6 6. Bc1 Nd5 7. Qxd4 Nc6 8. Qe4 d6 9. c4 Ndb4 10. a3 d5 11. Qe2 Qa5 12. Nc3 dxc4 13. Qe4 Nd5 14. Bd2 Nb6 15. Be2 Nd7 16. Bf4 g5 17. Bg3 Bg7 18. 0-0 Ndxe5 19. Nxe5 Nxe5 20. b4 cxb3 21. Nb5 f5 22. Qe3 f4 23. Qc5 Kd8 24. Rac1 Qb6 25. Qb4 Bd7 26. Bxf4 gxf4 27. Qxf4 Bxb5 28. Rfd1+ Bd7 29. Qh4+ Ke8 30. Bh5+ Kf8 31. Qf4+ Ke7 32. Rxd7+ Kxd7 0-1

[Event "EU-ch Seniors 50 21st"]
[Site "Lublin"]
[Date "2022.07.12"]
[Round "8"]
[White "Lilja, Richard"]
[Black "Druckenthaner, Andreas"]
[Result "1-0"]
[WhiteElo "2131"]
[BlackElo "2272"]
[PlyCount "107"]
[EventDate "2022.07.05"]
[EventType "swiss"]
[EventRounds "9"]
[EventCountry "POL"]
[SourceTitle "CBM 209 Extra"]
[Source "ChessBase"]
[SourceDate "2022.09.30"]
[SourceVersion "1"]
[SourceVersionDate "2022.09.30"]
[SourceQuality "1"]

1. e4 e5 2. f4 d6 3. d3 Nc6 4. Nf3 Nge7 5. Nc3 Ng6 6. f5 Nh4 7. Nxh4 Qxh4+ 8. g3 Qd8 9. Be3 g6 10. Bh3 gxf5 11. Qh5 f4 12. Bxc8 Rxc8 13. gxf4 exf4 14. Bxf4 Qf6 15. Rf1 Qg6 16. Qh3 Qe6 17. Qh5 Bg7 18. Kd2 Qg6 19. Qh3 Qe6 20. Qh5 0-0 21. Rg1 Kh8 22. Rg3 Rg8 23. Rag1 Bxc3+ 24. bxc3 Rxg3 25. Rxg3 Rg8 26. Rh3 Rg2+ 27. Kc1 Qg6 28. Bg3 Qxh5 29. Rxh5 f6 30. a4 Kg7 31. Rf5 Ne5 32. Bh4 Nd7 33. Rf2 Rg4 34. Bg3 h5 35. Bf4 b6 36. Kb2 Nc5 37. Ka3 Rg1 38. Be3 Ra1+ 39. Kb4 Nxa4 40. Kb5 Nxc3+ 41. Kc6 Ra4 42. Kxc7 d5 43. Bd2 Ra3 44. exd5 Nxd5+ 45. Kd6 Nc3 46. Ke6 Nb5 47. Rg2+ Kh7 48. Kxf6 Ra1 49. Rg7+ Kh8 50. Rg5 Rf1+ 51. Kg6 Rf2 52. Rd5 Kg8 53. Bh6 Rg2+ 54. Bg5 1-0

[Event "AUT-chT2O 2122"]
[Site "Austria"]
[Date "2022.01.15"]
[Round "3.6"]
[White "Druckenthaner, Andreas"]
[Black "Sadilek, Peter"]
[Result "0-1"]
[WhiteElo "2275"]
[BlackElo "2345"]
[PlyCount "119"]
[EventDate "2021.10.16"]
[EventType "team-tourn"]
[EventRounds "11"]
[EventCountry "AUT"]
[SourceTitle "EXT 2023"]
[Source "ChessBase"]
[SourceDate "2022.10.05"]
[SourceVersion "1"]
[SourceVersionDate "2022.10.05"]
[SourceQuality "1"]
[WhiteTeam "Wien Austria"]
[BlackTeam "Tschaturanga"]
[WhiteTeamCountry "AUT"]
[BlackTeamCountry "AUT"]

1. e4 e6 2. Nc3 d5 3. Qe2 Nf6 4. e5 Nfd7 5. f4 Be7 6. Nf3 c5 7. g3 Nc6 8. Bg2 a6 9. 0-0 Qc7 10. d3 b5 11. Nd1 Bb7 12. c3 0-0 13. Nf2 Rae8 14. Bd2 Qb8 15. Rae1 Bd8 16. h4 f6 17. exf6 Nxf6 18. Ne5 Nxe5 19. fxe5 Nd7 20. d4 cxd4 21. cxd4 Qa7 22. Be3 Bb6 23. Qd3 Bc6 24. Nh3 Rxf1+ 25. Bxf1 b4 26. Ng5 Nf8 27. Qxa6 Qxa6 28. Bxa6 h6 29. Nh3 Ra8 30. Bd3 Rxa2 31. b3 Ra3 32. Rb1 Nd7 33. Kf2 Ra2+ 34. Kf3 Nxe5+ 35. dxe5 d4+ 36. Kg4 dxe3 37. Nf4 Rf2 38. Bc4 Bf3+ 39. Kh3 g5 40. hxg5 hxg5 41. Nxe6 g4+ 42. Kh4 Kh7 43. Kg5 e2 44. Bd3+ Kg8 45. Kg6 Be3 46. Ra1 Bc6 47. Nf4 Bxf4 48. Bc4+ Kf8 49. gxf4 g3 50. f5 g2 51. e6 Rf1 52. Kf6 Ke8 53. Ra8+ Bxa8 54. Bb5+ Kd8 55. e7+ Kc7 56. e8Q e1Q 57. Qxa8 Qh4+ 58. Ke6 Re1+ 59. Kf7 Qh7+ 60. Kf6 0-1

[Event "EU-ch Rapid"]
[Site "Katowice"]
[Date "2021.12.19"]
[Round "9"]
[White "Adamczewski, Maciej"]
[Black "Druckenthaner, Andreas"]
[Result "0-1"]
[WhiteElo "2042"]
[BlackElo "2291"]
[PlyCount "122"]
[EventDate "2021.12.18"]
[EventType "swiss (rapid)"]
[EventRounds "11"]
[EventCountry "POL"]
[SourceTitle "CBM 205 Extra"]
[Source "ChessBase"]
[SourceDate "2022.01.31"]
[SourceVersion "1"]
[SourceVersionDate "2022.01.31"]
[SourceQuality "1"]

1. d4 f5 2. g4 fxg4 3. h3 d5 4. Qd3 Nf6 5. Nc3 Nc6 6. Bf4 a6 7. a3 g6 8. hxg4 Bxg4 9. f3 Be6 10. Nh3 Bg7 11. Ng5 Bg8 12. e3 Nh5 13. Rxh5 gxh5 14. Bh3 e5 15. dxe5 Nxe5 16. Qf5 Qe7 17. 0-0-0 c6 18. e4 h6 19. Ne6 Bxe6 20. Qxe6 Qxe6 21. Bxe6 d4 22. Ne2 Nxf3 23. Ng3 Bf6 24. Rf1 Ne5 25. Kd1 Ke7 26. Bb3 Raf8 27. Nf5+ Kd7 28. Ke2 Ng4 29. c3 d3+ 30. Kxd3 Bg5 31. Bg3 h4 32. Bd1 hxg3 33. Bxg4 Kc7 34. Rf3 h5 35. Bh3 h4 36. Kc4 Re8 37. Ng7 Rxe4+ 38. Kd3 Re5 39. Kd4 Rd5+ 40. Ke4 Rg8 41. c4 Rxg7 42. cxd5 cxd5+ 43. Kxd5 Be7 44. Rc3+ Kb8 45. Rc8+ Ka7 46. Bg2 h3 47. Bxh3 g2 48. Bxg2 Rxg2 49. b4 Rd2+ 50. Ke4 Rd7 51. Rc3 Bf6 52. Rf3 Bb2 53. Rb3 Bg7 54. Rg3 Kb8 55. Rg6 Kc7 56. Kf4 Bb2 57. Rg3 Rd4+ 58. Kf5 Kc6 59. Rb3 Rd2 60. Ke4 Kb5 61. Ke3 Rh2 0-1

[Event "EU-ch Seniors 50"]
[Site "Budoni"]
[Date "2021.10.01"]
[Round "6"]
[White "Druckenthaner, Andreas"]
[Black "Peist, Juergen"]
[Result "1-0"]
[WhiteElo "2275"]
[BlackElo "2314"]
[PlyCount "49"]
[EventDate "2021.09.26"]
[EventType "swiss"]
[EventRounds "9"]
[EventCountry "ITA"]
[SourceTitle "EXT 2023"]
[Source "ChessBase"]
[SourceDate "2022.10.05"]
[SourceVersion "1"]
[SourceVersionDate "2022.10.05"]
[SourceQuality "1"]

1. e4 c5 2. Nf3 e6 3. d4 cxd4 4. Bg5 Be7 5. Bxe7 Nxe7 6. Qxd4 0-0 7. Qd6 Nbc6 8. Nbd2 f5 9. Bd3 fxe4 10. Bxe4 Nf5 11. Bxf5 Rxf5 12. 0-0 Rd5 13. Qg3 b6 14. Ne4 Ba6 15. Rfd1 Rxd1+ 16. Rxd1 d5 17. Neg5 Bc8 18. Re1 Qe7 19. Ne5 Nd8 20. Ngf3 a5 21. c3 Ra7 22. Nd4 Bd7 23. f4 Qf6 24. Ng4 Qg6 25. f5 1-0

[Event "AUT-chT2O 2021"]
[Site "Austria"]
[Date "2020.10.17"]
[Round "1.3"]
[White "Poysti, Nathanael Nicolai"]
[Black "Druckenthaner, Andreas"]
[Result "1/2-1/2"]
[WhiteElo "2217"]
[BlackElo "2281"]
[PlyCount "202"]
[EventDate "2020.10.17"]
[EventType "team-tourn"]
[EventRounds "11"]
[EventCountry "AUT"]
[SourceTitle "CBM 199 Extra"]
[Source "ChessBase"]
[SourceDate "2021.01.31"]
[SourceVersion "1"]
[SourceVersionDate "2021.01.31"]
[SourceQuality "1"]
[WhiteTeam "Ottakring"]
[BlackTeam "Wien Austria"]
[WhiteTeamCountry "AUT"]
[BlackTeamCountry "AUT"]

1. c4 d6 2. Nc3 e5 3. g3 f5 4. Bg2 Nf6 5. d3 Be7 6. e4 fxe4 7. dxe4 0-0 8. Nge2 c6 9. 0-0 Be6 10. b3 Qc8 11. f4 Bh3 12. f5 Bxg2 13. Kxg2 Na6 14. Bg5 Qc7 15. Qd3 Nc5 16. Qf3 a6 17. Be3 b5 18. g4 b4 19. Bxc5 dxc5 20. Na4 h6 21. Rad1 Rad8 22. h4 Rxd1 23. Rxd1 Rd8 24. Ng3 Nh7 25. Kh3 Rd4 26. Rxd4 exd4 27. Nh5 Bd6 28. e5 Bxe5 29. Nxc5 Qd6 30. Nd3 Nf6 31. c5 Qc7 32. Nxf6+ Bxf6 33. Qe4 Bxh4 34. Qe6+ Kh7 35. Qg6+ Kh8 36. Qe8+ Kh7 37. Qg6+ Kh8 38. Qd6 Qxd6 39. cxd6 Bf6 40. Nxb4 a5 41. Nd3 Kg8 42. Kg3 Kf7 43. Kf3 Ke8 44. Nc5 Be5 45. d7+ Ke7 46. Ke4 Bf6 47. a4 Kd8 48. Kd3 Kc7 49. Kc4 Be5 50. Kd3 Bf6 51. Ke4 Kd8 52. Nb7+ Kxd7 53. Nxa5 c5 54. Nc4 Kc6 55. Nb2 Bd8 56. Ke5 Bc7+ 57. Ke6 Bd8 58. Nd3 Bg5 59. Ne5+ Kb6 60. Kd5 Be7 61. Kc4 Bd6 62. Nd3 Kc6 63. Nf2 Bc7 64. Ne4 Bb6 65. Ng3 Bc7 66. Ne4 Bb6 67. Nf2 Bc7 68. Nd3 Bb6 69. Nf4 Kd6 70. Nh5 Ke7 71. Nxg7 Kf6 72. Nh5+ Kg5 73. Kd3 Bd8 74. f6 Kg6 75. Ng3 Bxf6 76. a5 Bd8 77. a6 Bb6 78. Ne4 Ba7 79. Nd6 Kg5 80. Nc8 Bb8 81. Ne7 Ba7 82. Nc6 Bb6 83. Ne7 Ba7 84. Nc6 Bb6 85. Ne5 Ba7 86. Ke4 Kh4 87. Nf7 Kxg4 88. Nxh6+ Kg3 89. Nf5+ Kf2 90. Kd3 Ke1 91. Nd6 Kd1 92. Nc8 Bb8 93. a7 Bxa7 94. Nxa7 Kc1 95. Nb5 Kb2 96. Kc4 d3 97. Nc3 d2 98. Nd1+ Kc2 99. Nf2 Kb2 100. Nd1+ Kc2 101. Ne3+ Kb2 1/2-1/2

[Event "EUR-chT Seniors 50"]
[Site "Mali Losinj"]
[Date "2019.09.22"]
[Round "5.3"]
[White "Druckenthaner, Andreas"]
[Black "Priehoda, Vitezslav"]
[Result "1/2-1/2"]
[WhiteElo "2283"]
[BlackElo "2352"]
[PlyCount "108"]
[EventDate "2019.09.18"]
[EventType "team-swiss"]
[EventRounds "9"]
[EventCountry "CRO"]
[SourceTitle "EXT 2020"]
[Source "ChessBase"]
[SourceDate "2019.10.17"]
[SourceVersion "1"]
[SourceVersionDate "2019.10.17"]
[SourceQuality "1"]
[WhiteTeam "Austria 50"]
[BlackTeam "Czech Republic 50"]
[WhiteTeamCountry "AUT"]
[BlackTeamCountry "CZE"]

1. e4 e6 2. Nc3 d5 3. Qe2 d4 4. Nd1 e5 5. Qh5 Qe7 6. Bc4 Nf6 7. Qe2 Nc6 8. Nf3 Be6 9. d3 Bxc4 10. dxc4 h6 11. b3 Qe6 12. 0-0 g5 13. Nb2 Bb4 14. Nd3 Bc3 15. Bb2 Bxb2 16. Nxb2 Nd7 17. Nd3 Ne7 18. Qd2 c5 19. g3 f6 20. Kg2 a5 21. h3 Qc6 22. Qe2 Nc8 23. Nd2 Nd6 24. Kh2 0-0-0 25. a3 f5 26. Rfe1 Rde8 27. b4 b6 28. f3 f4 29. gxf4 exf4 30. e5 Re6 31. bxa5 bxa5 32. Ne4 Nxe4 33. Qxe4 Qxe4 34. Rxe4 Kc7 35. Rb1 Rhe8 36. Rb5 Nxe5 37. Rxc5+ Nc6 38. Nf2 Rxe4 39. Nxe4 Rb8 40. Rb5 Rxb5 41. cxb5 Ne5 42. Kg2 a4 43. Nc5 Nc4 44. Nxa4 Nxa3 45. b6+ Kc6 46. b7 Kxb7 47. c3 Nb5 48. cxd4 Nxd4 49. h4 gxh4 50. Kh3 Nxf3 51. Nc5+ Kc6 52. Nd3 Ng5+ 53. Kxh4 Ne6 54. Kg4 Kd5 1/2-1/2

[Event "EUR-chT Seniors 50"]
[Site "Mali Losinj"]
[Date "2019.09.20"]
[Round "3.4"]
[White "Ledger, Andrew"]
[Black "Druckenthaner, Andreas"]
[Result "0-1"]
[WhiteElo "2343"]
[BlackElo "2283"]
[PlyCount "88"]
[EventDate "2019.09.18"]
[EventType "team-swiss"]
[EventRounds "9"]
[EventCountry "CRO"]
[SourceTitle "EXT 2020"]
[Source "ChessBase"]
[SourceDate "2019.10.17"]
[SourceVersion "1"]
[SourceVersionDate "2019.10.17"]
[SourceQuality "1"]
[WhiteTeam "England 50"]
[BlackTeam "Austria 50"]
[WhiteTeamCountry "ENG"]
[BlackTeamCountry "AUT"]

1. d4 d6 2. c4 g6 3. Nc3 Bg7 4. e4 e5 5. d5 Nh6 6. h4 c5 7. Bd3 Qe7 8. Nge2 Na6 9. Ng3 Bd7 10. a3 f6 11. Bc2 Nf7 12. h5 Bh6 13. Bxh6 Nxh6 14. Ba4 0-0-0 15. Bxd7+ Qxd7 16. Qd2 Nf7 17. Nb5 Kb8 18. Qa5 Rc8 19. 0-0-0 f5 20. Rd3 f4 21. Ne2 Qd8 22. Qa4 Qg5 23. f3 Qxg2 24. Re1 Qf2 25. Kd1 Ng5 26. Ng1 Rhd8 27. Rb3 Rc7 28. Nxc7 Nxc7 29. Rc3 gxh5 30. Qc2 Qg3 31. b4 h4 32. bxc5 dxc5 33. Rb3 h3 34. Ne2 Qf2 35. Qb2 Nxf3 36. Rxf3 Qxf3 37. Qxe5 h2 38. Qe7 Re8 39. Qxh7 Qd3+ 40. Kc1 Qxe4 41. Qxh2 Qxc4+ 42. Kb2 f3 43. d6 Rxe2+ 44. Rxe2 Qxe2+ 0-1

[Event "EU-ch Seniors 50 19th"]
[Site "Rhodes"]
[Date "2019.04.08"]
[Round "3"]
[White "Makropoulou, Marina"]
[Black "Druckenthaner, Andreas"]
[Result "1/2-1/2"]
[WhiteElo "2160"]
[BlackElo "2304"]
[PlyCount "88"]
[EventDate "2019.04.06"]
[EventType "swiss"]
[EventRounds "9"]
[EventCountry "GRE"]
[SourceTitle "CBM 189 Extra"]
[Source "ChessBase"]
[SourceDate "2019.06.03"]
[SourceVersion "1"]
[SourceVersionDate "2019.06.03"]
[SourceQuality "1"]

1. e4 g6 2. d4 Bg7 3. Nc3 d6 4. Be3 c6 5. Qd2 b5 6. h3 Bb7 7. Nf3 Nd7 8. Bd3 Qc7 9. 0-0 Ngf6 10. Rae1 0-0 11. Bh6 e5 12. Ne2 c5 13. Bxg7 Kxg7 14. dxe5 Nxe5 15. Nxe5 dxe5 16. Bxb5 Nxe4 17. Qe3 Nd6 18. Ba4 Nc4 19. Qc3 Nb6 20. Bb5 Nd5 21. Qg3 f6 22. Bc4 Nb6 23. Qc3 Qc6 24. f3 Rad8 25. Rf2 Qd6 26. b3 Qd2 27. Qxd2 Rxd2 28. Nc3 Nxc4 29. bxc4 Rd4 30. Nb5 Rd7 31. Rb1 Bc6 32. Rb3 Rb8 33. a3 f5 34. Re2 Kf6 35. Kf2 h5 36. h4 Rbd8 37. Rbe3 Re8 38. Rd3 Rxd3 39. cxd3 Re7 40. Re1 Rd7 41. Ke3 Rb7 42. Rb1 g5 43. hxg5+ Kxg5 44. Nc3 Rxb1 1/2-1/2